UFC - current Champions - Statistics

General Stats
  • This quiz has been taken 357 times
    300 since last reset
  • The average score is 9 of 12
Answer Stats
Gender Hint Answer % Correct
Men Middleweight Israel Adesanya
89%
Men Lightweight Khabib Nurmagomedov
87%
Men Welterweight Kamaru Usman
86%
Men Light Heavyweight Jon Jones
83%
Men Heavyweight Stipe Miocic
82%
Men Flyweight Henry Cejudo
75%
Men Featherweight Max Holloway
74%
Women Bantamweight Amanda Nunes
72%
Women Featherweight Amanda Nunes
71%
Men Bantamweight Henry Cejudo
63%
Women Flyweight Valentina Shevchenko
60%
Women Strawweight Zhang Weili
59%
No matching quizzes found
Score Distribution
Percent of People with Each Score
Percentile by Number Answered
Your Score History
You have not taken this quiz since the last reset